<?xml version="1.0" encoding="UTF-8"?>
<resp>
  <nextPage>https://data.bn.org.pl/api/networks/bibs.marcxml?marc=001+b1000001075858&amp;sinceId=1000001075859</nextPage>
  <collection>
    <record xmlns='http://www.loc.gov/MARC21/slim'><leader>02380naa a2200661 i 4500</leader><controlfield tag='001'>b1000001075858</controlfield><controlfield tag='005'>20251006064357.4</controlfield><controlfield tag='008'>211012s2015    pl           |000 0 eng c</controlfield><controlfield tag='009'>9912442175205606</controlfield><datafield ind1=' ' ind2=' ' tag='015'><subfield code='a'>BZCz 2021/49220</subfield></datafield><datafield ind1=' ' ind2=' ' tag='035'><subfield code='a'>(PL)b1000001075858</subfield></datafield><datafield ind1=' ' ind2=' ' tag='040'><subfield code='a'>WA N</subfield><subfield code='c'>WA N</subfield><subfield code='d'>WA N</subfield></datafield><datafield ind1=' ' ind2=' ' tag='046'><subfield code='k'>2015</subfield></datafield><datafield ind1=' ' ind2=' ' tag='080'><subfield code='8'>1.1\x</subfield><subfield code='a'>364(045/046)</subfield></datafield><datafield ind1=' ' ind2=' ' tag='080'><subfield code='8'>1.2\x</subfield><subfield code='a'>316(045/046)</subfield></datafield><datafield ind1='1' ind2=' ' tag='100'><subfield code='a'>Mirewska, Elżbieta</subfield><subfield code='e'>Autor</subfield></datafield><datafield ind1='1' ind2='0' tag='245'><subfield code='a'>Senioral social projects in the perspective of selected European countries /</subfield><subfield code='c'>Elżbieta Mirewska (Institute of Social Work. Pedagogical University of Cracow).</subfield></datafield><datafield ind1=' ' ind2=' ' tag='260'><subfield code='c'>2015.</subfield></datafield><datafield ind1=' ' ind2=' ' tag='336'><subfield code='a'>Tekst</subfield><subfield code='b'>txt</subfield><subfield code='2'>rdacontent</subfield></datafield><datafield ind1=' ' ind2=' ' tag='337'><subfield code='a'>Bez urządzenia pośredniczącego</subfield><subfield code='b'>n</subfield><subfield code='2'>rdamedia</subfield></datafield><datafield ind1=' ' ind2=' ' tag='338'><subfield code='a'>Wolumin</subfield><subfield code='b'>nc</subfield><subfield code='2'>rdacarrier</subfield></datafield><datafield ind1=' ' ind2=' ' tag='380'><subfield code='a'>Artykuły</subfield></datafield><datafield ind1=' ' ind2=' ' tag='380'><subfield code='a'>Publikacje naukowe</subfield></datafield><datafield ind1='1' ind2=' ' tag='388'><subfield code='a'>2001-</subfield></datafield><datafield ind1=' ' ind2=' ' tag='504'><subfield code='a'>Bibliografia, netografia, wykaz aktów prawnych na stronach 38-39.</subfield></datafield><datafield ind1=' ' ind2='7' tag='650'><subfield code='a'>Jakość życia</subfield><subfield code='2'>DBN</subfield></datafield><datafield ind1=' ' ind2='7' tag='650'><subfield code='a'>Osoby w wieku starszym</subfield><subfield code='2'>DBN</subfield></datafield><datafield ind1=' ' ind2='7' tag='650'><subfield code='a'>Opieka społeczna</subfield><subfield code='2'>DBN</subfield></datafield><datafield ind1=' ' ind2='7' tag='651'><subfield code='a'>Austria</subfield><subfield code='2'>DBN</subfield></datafield><datafield ind1=' ' ind2='7' tag='651'><subfield code='a'>Francja</subfield><subfield code='2'>DBN</subfield></datafield><datafield ind1=' ' ind2='7' tag='651'><subfield code='a'>Niemcy</subfield><subfield code='2'>DBN</subfield></datafield><datafield ind1=' ' ind2='7' tag='651'><subfield code='a'>Włochy</subfield><subfield code='2'>DBN</subfield></datafield><datafield ind1=' ' ind2='7' tag='651'><subfield code='a'>Wielka Brytania</subfield><subfield code='2'>DBN</subfield></datafield><datafield ind1=' ' ind2='7' tag='655'><subfield code='a'>Artykuł problemowy</subfield><subfield code='2'>DBN</subfield></datafield><datafield ind1=' ' ind2='7' tag='655'><subfield code='a'>Artykuł z czasopisma naukowego</subfield><subfield code='2'>DBN</subfield></datafield><datafield ind1=' ' ind2=' ' tag='658'><subfield code='a'>Socjologia i społeczeństwo</subfield></datafield><datafield ind1='2' ind2=' ' tag='710'><subfield code='a'>Instytut Spraw Społecznych i Zdrowia Publicznego (Uniwersytet Pedagogiczny im. Komisji Edukacji Narodowej ; Kraków)</subfield><subfield code='4'>oth</subfield></datafield><datafield ind1='0' ind2=' ' tag='773'><subfield code='i'>W:</subfield><subfield code='t'>Exlibris : biblioteka gerontologii społecznej.</subfield><subfield code='x'>2450-0232</subfield><subfield code='g'>2015, [nr] 2, s. 25-40</subfield><subfield code='w'>(PL)b0000003889917</subfield></datafield><datafield ind1=' ' ind2=' ' tag='852'><subfield code='b'>48OMNIS_NLOP</subfield><subfield code='8'>991052954652105066</subfield></datafield><datafield ind1=' ' ind2=' ' tag='852'><subfield code='b'>48OMNIS_NETWORK</subfield><subfield code='8'>9912442175205606</subfield></datafield></record>
  </collection>
</resp>
